| 000 | 01563nam a2200385 i 4500 | ||
|---|---|---|---|
| 001 | bg | ||
| 003 | KOSZ 005 | ||
| 005 | 20220704084039.0 | ||
| 008 | 990506s1964 pl f b 000 0 pol | ||
| 015 | _aPB 1972/6038 | ||
| 040 |
_aWA N _cKOSZ 005/RW _dKOSZ 005/RW |
||
| 080 | _a884:016 | ||
| 245 | 0 | 0 |
_aPiśmiennictwo staropolskie : _bhasła osobowe A-M / _coprac. zespół pod kier. Romana Pollaka ; Instytut Badań Literackich Polskiej Akademii Nauk. |
| 246 | 1 | 8 | _aNowy Korbut. |
| 260 |
_a[Warszawa] : _bPaństwowy Instytut Wydawniczy, _c1964. |
||
| 300 |
_a551, [1] s. ; _c25 cm. |
||
| 336 |
_aTekst _btxt _2rdacontent. |
||
| 337 |
_aBez urządzenia pośredniczącego _bn _2rdamedia. |
||
| 338 |
_aWolumin _bnc _2rdacarrier. |
||
| 380 | _aKsiążki. | ||
| 490 | 1 |
_aBibliografia literatury polskiej "Nowy Korbut" / red. nacz. Kazimierz Budzyk ; _v2. |
|
| 655 | 4 |
_aLiteratura polska _xhistoria _y15-17 w. |
|
| 648 | 4 | _a1601-1700 | |
| 648 | 4 | _a1401-1500 | |
| 648 | 4 | _a1501-1600 | |
| 655 | 4 | _aBibliografia | |
| 710 | 2 | _aInstytut Badań Literackich Polskiej Akademii Nauk. | |
| 773 | 0 | _tArchiwum Czesława Miłosza. | |
| 710 | 2 |
_aPaństwowy Instytut Wydawniczy _4pbl. |
|
| 700 | 1 |
_aPollak, Roman _d(1886-1972) _eOpracowanie |
|
| 700 | 1 |
_aBudzyk, Kazimierz _d(1911-1964) _eRedakcja |
|
| 830 | 0 |
_aBibliografia literatury polskiej "Nowy Korbut" ; _v2. |
|
| 856 |
_uhttp://koha.tu.koszalin.pl/cgi-bin/koha/opac-detail.pl?biblionumber=11087 _yKatalog online BPK |
||
| 942 |
_2UKD _cKS |
||
| 999 |
_c11087 _d11087 |
||